000 004680000a22001810004500
003 MACL
005 20150801123343.0
008 150801b xxu||||| |||| 00| 0 eng d
040 _aMACL
_cMACL
041 _aEnglish
082 _a363/TRI
100 _aTripathi, A.K.
_93999
245 _aProtect Global Earth Series
_bAir Pollution vol 1
260 _bAshish Publishing House
_c1993
_aDelhi
350 _a400
650 _aSocial Science
_94000
942 _cBK
_k363
_2ddc
999 _c3877
_d3877